000 00932nmc a2200325 a 4500
003 AR-BaBNM
005 20251128210700.0
008 300120s1999 ||||||||||||||000 | spa||
020 _a950-07-1525-2
040 _cAR-BaBNM
100 1 _aGroisman, Claudia
245 1 0 _aEl desafĂ­o de la sexualidad
260 _aBuenos Aires
_bSudamericana
_c1999
300 0 _a268 p.
_bil.
490 0 _aLa llave
500 1 _aEste libro es para personas adultas, dirigido particularmente a padres y docentes. Contiene referencias bibliográficas
650 4 _aEDUCACION SEXUAL
650 4 _aSEXUALIDAD
650 4 _aIDENTIDAD
650 4 _aADOLESCENTES
650 4 _aCOMPORTAMIENTO SEXUAL
650 4 _aANTICONCEPCION
650 4 _aDIFERENCIAS ENTRE SEXOS
653 0 _aGENERO
700 1 _aRabinovich, Josefina
700 1 _aImberti, Julieta
700 1 _aCorrea, Jaime
_ecolaborador
942 _cBK
998 _cRaquel
999 _c16422
_d16422